000
00359nam a22001577a 4500
003
MPLRDC
005
20220104142717.0
008
210129b ||||| |||| 00| 0 eng d
082
_a
831.99 RYN
100
_a
任雨农
245
_a
湘芬堂集
_c
260
_a
_b
任雨农
_c
1987
300
_b
平
650
_a
中国诗总集
942
_c
BK
_o
831.99 RYN
999
_c
33087
_d
33077